Cycling, health and safety : research report /

Gespeichert in:
Bibliographische Detailangaben
Körperschaft: Organisation for Economic Co-operation and Development, OECD (Paris, France) (UrheberIn)
Format: Buch
Sprache:Englisch
Veröffentlicht: Paris : OECD, 2013
Schlagworte:
ISBN:9789282105948
Online-Zugang: Volltext
Tags: Tag hinzufügen
Keine Tags, Fügen Sie den ersten Tag hinzu!

MARC

LEADER 00000nam a2200000 4500
003 SK-BrCVT
005 20220618093104.0
006 aado e s 000 0
008 140211s2013 fr ado e s 000 0eng#d
020 |a 9789282105948   |q (brož.) 
035 |a CVTIDW0044543 
040 |a CVTISR  |b slo  |c CVTISR  |e AACR2 
041 0 |a eng 
044 |a fr  |c FR 
080 |a 656.183  |2 2008 
110 2 |a Organisation for Economic Co-operation and Development, OECD (Paris, France)  |4 org 
245 1 |a Cycling, health and safety :  |b research report /  |c Organisation for Economic Co-operation and Development ; International Transport Forum 
260 |a Paris :  |b OECD,  |c 2013 
300 |a 245 s. :  |b fotogr., grafy, lit., obr., tab. ;  |c 28 cm 
500 |a Decade of action for road safety 2011-2020 
653 1 |a bicyklová doprava 
655 7 |a prehľady  |2 SNKPH 
710 2 |a International Transport Forum, ITF (Paris, France)  |4 oth 
852 |a CVTISR  |b 1 
856 4 |u http://ezproxy.cvtisr.sk/login.php?url=https://doi.org/10.1787/9789282105955-en 
910 |b E002640  |b A620314  |b A620318 
919 |a 978-92-821-0594-8 
959 |a o33 
959 |a 40 
974 |a maria.Geracsekova  |f Knihy 
992 |a APH 
999 |c 221770  |d 221770